000 004700000a22001810004500
003 MACL
005 20150830162702.0
008 150830b xxu||||| |||| 00| 0 eng d
040 _aMACL
_cMACL
041 _aEnglish
082 _a800
100 _aHedayetullah, Muhammad
_98088
245 _aKabir : The Apostle Of Hindu-Muslim Unity
260 _bMotilal Banarsidas Publishers
_c1977
_aNew Delhi
350 _a60
650 _aLiterature
_98089
942 _cBK
_k800
_2ddc
999 _c6778
_d6778